excavations at sabratha, 1948-1951 : /

محفوظ في:

المؤلف الرئيسي: kenrick, philip m.

التنسيق: كتاب

اللغة: Undetermined

منشور في: london : society for the promotion of roman studies, 1986.

سلاسل: journal of roman studies monographs no. 2

الموضوعات:

الوسوم: إضافة وسم

لا توجد وسوم, كن أول من يضع وسما على هذه التسجيلة!

رقم الطلب: DT239 .S115 K46 v. 2/1

LEADER 00781nam a2200181Ia 4500
008 220401s9999||||xx |||||||||||||| ||und||
050 4 |a DT239 .S115 K46 v. 2/1 
100 1 |a kenrick, philip m. 
245 1 0 |a excavations at sabratha, 1948-1951 :  |b  /  |c philip m. kenrick. 
264 1 |a london :  |b society for the promotion of roman studies,  |c 1986. 
300 |a 2v. In 3 :  |b ill. ;  |c 31cm. 
490 0 |a journal of roman studies monographs no. 2 
500 |a includes biBLiographical references and index. 
650 1 4 |a excavations (archaeology) libya. 
650 1 4 |a sabratha (extinct city). 
942 |2 lcc  |c BK 
952 |0 0  |1 0  |2 lcc  |4 0  |6 DT0239 S115 K46 V.00002/00001  |7 1  |9 39402  |a ARCE  |b ARCE  |d 2022-04-01  |l 0  |o DT239 .S115 K46 v. 2/1  |p 1002956  |r 2022-04-01 00:00:00  |w 2022-04-01  |y BK 
999 |c 46983  |d 46983